Problemas penales y procesales del delito continuado
محفوظ في:
| المؤلف الرئيسي: | |
|---|---|
| التنسيق: | كتاب |
| اللغة: | الإسبانية |
| منشور في: |
Barcelona
PPU
1990
|
| سلاسل: | Colección: el Sistema Penal
|
| الموضوعات: | |
| الوسوم: |
إضافة وسم
لا توجد وسوم, كن أول من يضع وسما على هذه التسجيلة!
|
MARC
| LEADER | 00000nam a2200000 a 4500 | ||
|---|---|---|---|
| 001 | UCU9401 | ||
| 003 | CL-VaPUC | ||
| 008 | 960816e19900000SP |||||||||||||||||spa|d | ||
| 082 | 0 | 4 | |a 345.02 |b CAN |2 21 |
| 100 | 0 | |a Canterero Bandrés, Rocío |e author |9 368461 | |
| 245 | 1 | 0 | |a Problemas penales y procesales del delito continuado |
| 300 | |a 220 p | ||
| 942 | |c BK | ||
| 945 | |d 19960816 00:00:00 |a rleighto | ||
| 260 | |a Barcelona |b PPU |c 1990 | ||
| 650 | 7 | |a DERECHO PENAL |2 CL-VaPUC |9 11 | |
| 650 | 0 | |a Derecho eclesiástico |9 255055 | |
| 650 | 0 | |a Historia del derecho |9 255109 | |
| 650 | 0 | |a Delitos |9 224143 | |
| 650 | 0 | |a Virtud y vicio |9 310637 | |
| 650 | 0 | |a Libertad |9 255686 | |
| 650 | 0 | |a Derecho comparado |9 255664 | |
| 583 | |a last modification |c 20161026 04:55:54 |k Rodrigo Vera | ||
| 490 | 0 | |a Colección: el Sistema Penal | |
| 999 | |c 251149 |d 251147 | ||
| 952 | |0 0 |1 0 |4 0 |6 345_020000000000000_CAN_1990 |7 0 |8 A |9 270126 |a BIBDER |b BIBDER |d 2019-11-19 |i 3220222 |o 345.02 CAN 1990 |p 3220222 |r 2023-01-25 |w 2019-11-19 |y BK |k DER | ||